00645 a2200193 4500010001400000020002300014035001300037037001500050082000800065090001500073100001700088245004300105260004000148270006900188300002400257942002300281999001500304952013200319 aENG-87957 a8185599696c275.00 aEN-71490 bDBAD / PUB14a881 c7589d75891 aDeepak, D.S.1 aDactylology in Poesy /cby D.S. Deepak aJammubYak Publishing Channelc2005 aPost Box No.130, Wadha Vehra, Pacca Danga, JAMMUbJ & Ke180 001 a86 p.c21 cm ( Hb.) adplcENk881 / DEE c7457d7457 00102ddc40718NFICaDBADbDBADeDBAD/PUBg275.00l0o881 DEEpEN-71490r2008-09-15 00:00:00t1u8340v275.00w2008-09-15yEN